000 01544cam a22003251i 4500
003 SA-RiAUC
005 20251224132146.0
008 251223s1981 su g 001 0 ara c
040 _aSA-JeALM
_bara
_cSA-RiAUC
_erda
043 _aar-----
082 0 4 _a252.5
_qSA-RiAUC
090 _a252.5
_bح ر ب
100 1 _aالحربي، إبراهيم بن إسحاق بن بشير،
_d198-285 هجري
_eمؤلف.
245 1 0 _aكتاب المناسك وأماكن طرق الحج ومعالم الجزيرة /
_cتأليف إبراهيم بن إسحاق الحربي ؛ تحقيق الجاسر.
246 3 0 _aالمناسك وأماكن طرق الحج ومعالم الجزيرة
250 _aالطبعة الثانية.
264 1 _aالرياض :
_bمنشورات وزارة الحج
_c1981
300 _a802 صفحة ؛
_c24 سم.
336 _aنص
_btxt
_2rdacontent
_3كتاب
337 _aبدون وسيط
_bn
_2rdamedia
338 _aمجلد
_bnc
_2rdacarrier
490 0 _aنصوص وأبحاث جغرافية وتاريخية عن جزيرة العرب ؛
_v9
500 _aتوجد ملاحظات من الشيخ في داخل الكتاب.
650 7 _aالحج (فقه إسلامي)
_xمناسك
_2aucsh
650 7 _aالأماكن المقدسة الإسلامية
_zالسعودية
_2aucsh
651 7 _aشبه الجزيرة العربية
_xوصف ورحلات
_2aucsh
700 1 _aالجاسر، حمد،
_d1328-1421 هجري
_eمحقق.
942 _2ddc
_cBOOK
_n0
949 _aSA-JeALM
_d251223
_umohamedma123
_n1
999 _c13663
_d13663